00646nam a2200241 a 4500001001300000003000900013005001700022008004100039020000800080082001300088100001800101245002400119260003800143300000800181500003500189505001000224650001200234700001800246902000800264942000700272952011000279999001500389nice12345678IN_TiNIC20260116012800.0050524s1982 laha grp 000 0 urd  ac300a251bGRA aGraham, Billy aPur Umeed Mustaqbil aLahorebMasihi Ishaat Khanac1982 a73p aincludes index and biblioraphy2 aIndex aSermons1 aGraham, Billy bSRS cBK 001040708StackRoom-aHMIbHMId2007-07-09g3.00l0o251 GRAp011129r2007-07-09v3.00w2005-05-24yBK c8344d8344